| 000 | 01222nam a2200205 a 4500 | ||
|---|---|---|---|
| 001 | 000023841 | ||
| 005 | 20200930022516.0 | ||
| 008 | 110114s1978 dr a 000 0 spa d | ||
| 040 |
_aDO-SdBNP _bspa _cBNPHU |
||
| 082 |
_a972.93 _bR696e |
||
| 100 | 1 |
_aRodríguez Pereira, Miguel Ángel _949054 |
|
| 245 | 1 | 0 |
_aEsbozos de mi patria : _bconceptos históricos / _cMiguel Ángel Rodríguez Pereira ; prólogo E. Generoso de Marchena Echenique. |
| 260 |
_aSanto Domingo : _bEducativa Dominicana, _c1978. |
||
| 300 |
_a267 p. : _bil. ; _c22 cm. |
||
| 505 | 0 |
_tPrehistoria -- _tDescubrimiento, conquista y colonización -- _tÉpoca de guerras contra potencias mundiales -- _tInvasión haitiana y período pre-independencia -- _tPeríodos de la independencia hasta la anexión -- _tGuerra contra España y período de la Restauración (1863-1865) -- _tSucesos desde la Restauración (1865) a la tiranía de Hereaux (1899) -- _tGobiernos desde Figueredo (1899) al del Dr Francisco Henríquez y Carvajal (1916). |
|
| 590 | _aInventariado, 2020/BT | ||
| 651 | 4 |
_aRepública Dominicana _xHistoria _vENSAYOS, CONFERENCIAS,ETC. _92203 |
|
| 700 | 1 |
_aMarchena Echenique, E. Generoso de, _epról. _949055 |
|
| 910 | _aValidado. Control de calidad EMS | ||
| 999 |
_c23337 _d23337 |
||